| 000 | 00611nam a2200205 a 4500 | ||
|---|---|---|---|
| 001 | 18109 | ||
| 003 | CO-ViMGA | ||
| 008 | 141112s2004 ck r 000 u spa d | ||
| 020 | _a8420458252 | ||
| 040 |
_aCO-ViMGA _bspa _cCO-ViMGA |
||
| 082 | 0 | 4 | _aHINa |
| 100 | 1 |
_aHinojosa, Francisco _925741 |
|
| 245 | 1 | 0 | _aAna , ¿verdad? |
| 260 |
_aMadríd (España), _cAlfaguara, _c2000 |
||
| 300 | _a31.p. | ||
| 490 | _aDerechos del niño, derecho a un nombre y a una Nacionalidad | ||
| 590 | _aForma de adquisición : Premio - Mincultura | ||
| 650 | 1 | 4 |
_aDERECHOS DEL NIÑO - CUENTOS INFANTILES _925742 |
| 942 |
_2ddc _cBK |
||
| 999 |
_c27483 _d27483 |
||